00665 2200253 4500001002100000005001500021035002000036007000300056008004100059020002200100082001000122084001400132100004400146245005900190260004400249300003200293650001700325990001200342990001200354990001100366990001200377990001100389990001100400INLIS00000000000200320180525093800 a0010-0518000073ta180525 g 0 ind  a978-602-02-8669-3 a741.5 a741.5 KOM0 aKOMIKIN, Ajah! Kompilasi: Cinta-Cintaan1 aKomikin Ajah! Kompilasi: Cinta-Cintaan /ckomikin_ajah aJakarta :bElex Media Komputindo,c2016 a120 hlm. :bilus. ;c15 cm. aKOMIK.BACAAN a16680 a a16680 b a16680b a16680 a a16680a a16680b